A short account of Tripuri society (Record no. 652)

MARC details
000 -LEADER
fixed length control field 00831 a2200217 4500
008 - FIXED-LENGTH DATA ELEMENTS--GENERAL INFORMATION
fixed length control field 080820t xxu||||| |||| 00| 0 eng d
010 ## - LIBRARY OF CONGRESS CONTROL NUMBER
LC control number ENG-84884
020 ## - INTERNATIONAL STANDARD BOOK NUMBER
International Standard Book Number 8182660610
Terms of availability 120.00
035 ## - SYSTEM CONTROL NUMBER
System control number EN-68417
037 ## - SOURCE OF ACQUISITION
Source of stock number/acquisition D.B.Act / Pub
082 ## - DEWEY DECIMAL CLASSIFICATION NUMBER
Classification number 307.772
100 ## - MAIN ENTRY--PERSONAL NAME
Personal name Debbarman, Suren
245 ## - TITLE STATEMENT
Title A short account of Tripuri society
Statement of responsibility, etc by Suren Debbarman
260 ## - PUBLICATION, DISTRIBUTION, ETC. (IMPRINT)
Place of publication, distribution, etc Agartala
Name of publisher, distributor, etc Jnan Bichitra
Date of publication, distribution, etc 2006
270 ## - ADDRESS
Address 11, Jagannath Beri Road,
City Agartala
State or province Tripura
Postal code 799001
300 ## - PHYSICAL DESCRIPTION
Extent 127p. ;
Dimensions 22 cm. (Hb)
Other physical details photos (col)
500 ## - GENERAL NOTE
General note Includes bibliographical references
650 ## - SUBJECT ADDED ENTRY--TOPICAL TERM
Topical term or geographic name as entry element Tribal society
942 ## - ADDED ENTRY ELEMENTS (KOHA)
Institution code [OBSOLETE] dpl
Koha item type English Books
Call number prefix 307.772 / DEB
Source of classification or shelving scheme Dewey Decimal Classification
Classification part 307.772
Call number suffix DEB
Holdings
Withdrawn status Lost status Damaged status Not for loan Home library Current library Date acquired Cost, normal purchase price Total Checkouts Full call number Barcode Date last seen Copy number Uniform Resource Identifier Cost, replacement price Price effective from Koha item type
        D.B.Act.Division D.B.Act.Division 20/08/2008 120.00   307.772 DEB EN-68417 15/09/2008 1 638 120.00 15/09/2008 English Books

© Delhi Public Library
Hit Counter
free hit counter